Оптимизация затрат на использование электроэнергии на примере электропотребителя с мощностью 5кВТ; Экономика России в XXI веке; Т. 2

Dettagli Bibliografici
Parent link:Экономика России в XXI веке: сборник научных трудов XII Международной научно-практической конференции "Экономические науки и прикладные исследования", г. Томск, 17-21 ноября 2015 г./ Национальный исследовательский Томский политехнический университет (ТПУ) ; ред. кол. Г. А. Барышева [и др.].— , 2015
Т. 2.— 2015.— [С. 337-341]
Autore principale: Емельянова Ю. А.
Ente Autore: Национальный исследовательский Томский политехнический университет (ТПУ)
Riassunto:Заглавие с титульного экрана
В данной работе ставится задача проанализировать выгодность использования автономной системы электроснабжения на базе солнечных батарей мощностью 5кВт. В результате были выбраны все элементы системы, необходимые для надежной работы, посчитана суммарная стоимость всей конструкции. На основе анализа и моделирования альтернативного источника питания можно сказать, что замена классического электропитания альтернативным источником для рассматриваемой модели не подходит.
Lingua:russo
Pubblicazione: 2015
Serie:Вопросы экономики и управления технико-экономическими процессами
Soggetti:
Accesso online:http://earchive.tpu.ru/handle/11683/15437
http://www.lib.tpu.ru/fulltext/c/2015/C40/V2/066.pdf
Natura: MixedMaterials Elettronico Capitolo di libro
KOHA link:https://koha.lib.tpu.ru/cgi-bin/koha/opac-detail.pl?biblionumber=616888

MARC

LEADER 00000naa2a2200000 4500
001 616888
005 20231101132931.0
035 |a (RuTPU)RU\TPU\conf\15144 
035 |a RU\TPU\conf\15141 
090 |a 616888 
100 |a 20160126d2015 k y0rusy50 ca 
101 0 |a rus 
102 |a RU 
105 |a y z 101zy 
135 |a drgn ---uucaa 
181 0 |a i  
182 0 |a b 
200 1 |a Оптимизация затрат на использование электроэнергии на примере электропотребителя с мощностью 5кВТ  |f Ю. А. Емельянова 
203 |a Текст  |c электронный 
225 1 |a Вопросы экономики и управления технико-экономическими процессами 
230 |a 1 компьютерный файл (pdf; 563 Kb) 
300 |a Заглавие с титульного экрана 
320 |a [Библиогр.: с. 341 (5 назв.)] 
330 |a В данной работе ставится задача проанализировать выгодность использования автономной системы электроснабжения на базе солнечных батарей мощностью 5кВт. В результате были выбраны все элементы системы, необходимые для надежной работы, посчитана суммарная стоимость всей конструкции. На основе анализа и моделирования альтернативного источника питания можно сказать, что замена классического электропитания альтернативным источником для рассматриваемой модели не подходит. 
337 |a Adobe Reader 
461 1 |0 (RuTPU)RU\TPU\conf\14421  |t Экономика России в XXI веке  |o сборник научных трудов XII Международной научно-практической конференции "Экономические науки и прикладные исследования", г. Томск, 17-21 ноября 2015 г.  |o в 2 т.  |f Национальный исследовательский Томский политехнический университет (ТПУ) ; ред. кол. Г. А. Барышева [и др.]  |d 2015 
463 0 |0 (RuTPU)RU\TPU\conf\14423  |t Т. 2  |v [С. 337-341]  |d 2015 
610 1 |a труды учёных ТПУ 
610 1 |a электронный ресурс 
610 1 |a оптимизация 
610 1 |a затраты 
610 1 |a электроэнергия 
610 1 |a электропотребление 
610 1 |a автономные системы 
610 1 |a электроснабжение 
610 1 |a солнечные батареи 
610 1 |a альтернативные источники 
610 1 |a электропитание 
700 1 |a Емельянова  |b Ю. А. 
712 0 2 |a Национальный исследовательский Томский политехнический университет (ТПУ)  |c (2009- )  |2 stltpush  |3 (RuTPU)RU\TPU\col\15902 
801 2 |a RU  |b 63413507  |c 20210209  |g RCR 
856 4 |u http://earchive.tpu.ru/handle/11683/15437 
856 4 |u http://www.lib.tpu.ru/fulltext/c/2015/C40/V2/066.pdf 
942 |c BK